| 000 -LEADER |
| fixed length control field |
01201nam a22002177a 4500 |
| 001 - CONTROL NUMBER |
| control field |
22677 |
| 003 - CONTROL NUMBER IDENTIFIER |
| control field |
BD-DhUAP |
| 005 - DATE AND TIME OF LATEST TRANSACTION |
| control field |
20250420093340.0 |
| 008 - FIXED-LENGTH DATA ELEMENTS--GENERAL INFORMATION |
| fixed length control field |
250417b20152024bg p|||| |||| 00| 0 ben d |
| 020 ## - INTERNATIONAL STANDARD BOOK NUMBER |
| International Standard Book Number |
9789849245889 |
| 040 ## - CATALOGING SOURCE |
| Original cataloging agency |
BD-DhUAP |
| Language of cataloging |
বাংলা |
| Transcribing agency |
BD-DhUAP |
| Modifying agency |
BD-DhUAP |
| 082 ## - DEWEY DECIMAL CLASSIFICATION NUMBER |
| Edition number |
23 |
| Classification number |
343.052 ROU |
| 100 ## - MAIN ENTRY--PERSONAL NAME |
| Personal name |
রউফ, ড. মোঃ আব্দুর। |
| 245 ## - TITLE STATEMENT |
| Title |
সহজ ভাষায় নতুন ভ্যাট আইন (দ্বিতীয় খণ্ড): |
| Remainder of title |
প্রজ্ঞাপন (এসআরও), সাধারণ আদেশ বিশেষ আদেশ, ব্যাখ্যাপত্র ও পত্রাবলী (জুলাই ২০২৪ পযন্ত হালনাগাদকৃত) / |
| Statement of responsibility, etc. |
ড. মোঃ আব্দুর রউফ। |
| 250 ## - EDITION STATEMENT |
| Edition statement |
একাদশ সংস্করণ. |
| 260 ## - PUBLICATION, DISTRIBUTION, ETC. |
| Place of publication, distribution, etc. |
ঢাকা : |
| Name of publisher, distributor, etc. |
লিটন পাবলিকেশন্স, |
| Date of publication, distribution, etc. |
২০২৪। |
| 300 ## - PHYSICAL DESCRIPTION |
| Extent |
৭৬৫পৃ. ; |
| Other physical details |
২২ সেমি.। |
| 650 ## - SUBJECT ADDED ENTRY--TOPICAL TERM |
| Topical term or geographic name entry element |
ভ্যাট আইন। |
| Form subdivision |
প্রজ্ঞাপন (এসআরও) |
| 650 ## - SUBJECT ADDED ENTRY--TOPICAL TERM |
| Topical term or geographic name entry element |
ভ্যাট আইন। |
| Form subdivision |
সাধারণ আদেশ |
| 942 ## - ADDED ENTRY ELEMENTS (KOHA) |
| Source of classification or shelving scheme |
|
| Koha item type |
Book |